| 000 | 00335nam a2200121Ia 4500 | ||
|---|---|---|---|
| 008 | 220204s9999 xx 000 0 und d | ||
| 082 |
_a541.64 _bREV.11 |
||
| 245 | 0 | _aReviews in macromolecular chemistry. V 11 | |
| 260 |
_aNew York _bMarcel Dekker _c1974 |
||
| 650 | _aManufacturing chemistry | ||
| 700 | _aBvtler, George B | ||
| 942 | _cBK | ||
| 999 |
_c25638 _d25638 |
||